000 00721nam a22002417a 4500
005 20170124110128.0
010 _aA-409720
020 _c00.00
035 _aA-409720
037 _bCen Lib/Ret
040 _aDPL
_bEN
082 _aN
_bSHA
100 _aSharma, Tara Nath
_931737
245 _aBlackout :
_cby Tara Nath Sharma ; translated by Larry Hartsell
_ba novel /
260 _aJaipur
_bNirala Publications
_c1990
270 _aNawab Ka Chauraha, Ghat Gate
_bJaipur
_e302001
300 _a122p.
_c21cm(Hb)
490 _aNirala series
_v8
650 _aNepali fiction -- Translations into English
_931738
650 _aNepali fiction
_931739
700 _aHartsell, Larry
_931740
942 _2ddc
_cEN
_hN
_mSHA
999 _c131430
_d131430